000 00673nam a22001937a 4500
005 20240624170330.0
010 _aENG-140699
020 _a9789391028290
_c599.00
035 _aEN-124231
037 _bDBAD
082 _a598.294
100 _aAli, Salim
_967682
245 _aWords For Birds:
_cBy Salim Ali [and] Edited By Tara Gandhi
_bThe Collected Radio Broadcasts/
260 _aRanikhet
_bPermanent Black in association with Ashoka University
_c2021
270 _aHimalayana, Mall Road
_bRanikhet Cantt
_e263645
_mperblackgamil.com
300 _axi, 244p.
_c23cm(Hb)
700 _a Gandhi, Tara
_eEditor
_967683
942 _2ddc
_cEN
_h598.294
_mALI
999 _c203687
_d203687